<?xml version="1.0" encoding="UTF-8"?>
<record
    xmlns:xsi="http://www.w3.org/2001/XMLSchema-instance"
    xsi:schemaLocation="http://www.loc.gov/MARC21/slim http://www.loc.gov/standards/marcxml/schema/MARC21slim.xsd"
    xmlns="http://www.loc.gov/MARC21/slim">

  <leader>02435cam a22003975i 4500</leader>
  <datafield tag="999" ind1=" " ind2=" ">
    <subfield code="c">27163</subfield>
    <subfield code="d">27135</subfield>
  </datafield>
  <controlfield tag="001">017461558</controlfield>
  <controlfield tag="003">Uk</controlfield>
  <controlfield tag="005">20190214133138.0</controlfield>
  <controlfield tag="006">m    ||  d |      </controlfield>
  <controlfield tag="007">cr |||||||||||</controlfield>
  <controlfield tag="008">150613s2014    enka|||fr  bd|||1 ||eng d</controlfield>
  <datafield tag="015" ind1=" " ind2=" ">
    <subfield code="a">GBB6G6824</subfield>
    <subfield code="2">bnb</subfield>
  </datafield>
  <datafield tag="020" ind1=" " ind2=" ">
    <subfield code="a">9781446282816</subfield>
  </datafield>
  <datafield tag="020" ind1=" " ind2=" ">
    <subfield code="a">1446282813</subfield>
  </datafield>
  <datafield tag="040" ind1=" " ind2=" ">
    <subfield code="a">Uk</subfield>
    <subfield code="b">eng</subfield>
    <subfield code="c">Uk</subfield>
    <subfield code="d">EG-ScBUE </subfield>
  </datafield>
  <datafield tag="082" ind1="0" ind2="4">
    <subfield code="a">610.73</subfield>
    <subfield code="2">22</subfield>
    <subfield code="b">STA</subfield>
  </datafield>
  <datafield tag="100" ind1="1" ind2=" ">
    <subfield code="a">Standing, Mooi,</subfield>
    <subfield code="9">36291</subfield>
  </datafield>
  <datafield tag="245" ind1="1" ind2="0">
    <subfield code="a">Clinical judgement and decision-making for nursing students /</subfield>
    <subfield code="c">Mooi Standing.</subfield>
  </datafield>
  <datafield tag="246" ind1="3" ind2=" ">
    <subfield code="a">Clinical judgment and decision-making for nursing students</subfield>
  </datafield>
  <datafield tag="250" ind1=" " ind2=" ">
    <subfield code="a">2nd ed.</subfield>
  </datafield>
  <datafield tag="264" ind1=" " ind2="1">
    <subfield code="a">London :</subfield>
    <subfield code="b">Learning Matters / SAGE Publications Ltd,</subfield>
    <subfield code="c">c.2014.</subfield>
  </datafield>
  <datafield tag="300" ind1=" " ind2=" ">
    <subfield code="a">viii, 221 pages :</subfield>
    <subfield code="b">illustrations ;</subfield>
    <subfield code="c">24 cm.</subfield>
  </datafield>
  <datafield tag="336" ind1=" " ind2=" ">
    <subfield code="a">text</subfield>
    <subfield code="2">rdacontent</subfield>
  </datafield>
  <datafield tag="337" ind1=" " ind2=" ">
    <subfield code="a">unmediated </subfield>
    <subfield code="2">rdamedia</subfield>
  </datafield>
  <datafield tag="338" ind1=" " ind2=" ">
    <subfield code="a">volume</subfield>
    <subfield code="2">rdacarrier</subfield>
  </datafield>
  <datafield tag="490" ind1="1" ind2=" ">
    <subfield code="a">Transforming nursing practice</subfield>
  </datafield>
  <datafield tag="500" ind1=" " ind2=" ">
    <subfield code="a">Includes index.</subfield>
  </datafield>
  <datafield tag="504" ind1=" " ind2=" ">
    <subfield code="a">Bibliography : p. 212-216.</subfield>
  </datafield>
  <datafield tag="505" ind1="0" ind2=" ">
    <subfield code="a">1. What is clinical judgement and decision-making in nursing? -- 2. Collaborative clinical decision-making -- 3. Using observation to inform decisions -- 4. Systematic clinical decision-making -- 5. Standardised clinical decision-making -- 6. Prioritising decisions in delivering care -- 7. Experience and intuition in decision-making -- 8. Reflective judgement and decision-making -- 9. Ethical sensitivity in decision-making -- 10. Accountability for nursing decisions -- 11. Confidence in clinical decision-making -- 12. Decision-making `PERSON' evaluation tool.</subfield>
  </datafield>
  <datafield tag="520" ind1=" " ind2=" ">
    <subfield code="a">Clinical decision-making is an indispensable facet of professional nursing care. In order to become a registered nurse it is essential that the student develops sound decision-making skills in order to deal with the challenges ahead. This book enables pre-registration nursing students to understand, develop and apply these skills in order to practise safely and effectively. The structure of the book helps students to progress in effective decision-making right from the first to the final year of their programme. The book links theory to realistic experiences and clinical scenarios to show you how to use these skills in practice.</subfield>
  </datafield>
  <datafield tag="546" ind1=" " ind2=" ">
    <subfield code="a">Text in English.</subfield>
  </datafield>
  <datafield tag="650" ind1=" " ind2="7">
    <subfield code="a">Nursing</subfield>
    <subfield code="x">Decision making.</subfield>
    <subfield code="2">BUEsh</subfield>
    <subfield code="9">12110</subfield>
  </datafield>
  <datafield tag="650" ind1=" " ind2="7">
    <subfield code="a">Clinical medicine</subfield>
    <subfield code="x">Decision making.</subfield>
    <subfield code="2">BUEsh</subfield>
    <subfield code="9">42029</subfield>
  </datafield>
  <datafield tag="653" ind1=" " ind2=" ">
    <subfield code="b">NNUR</subfield>
    <subfield code="c">February2019</subfield>
  </datafield>
  <datafield tag="942" ind1=" " ind2=" ">
    <subfield code="2">ddc</subfield>
    <subfield code="c">BB</subfield>
  </datafield>
  <datafield tag="952" ind1=" " ind2=" ">
    <subfield code="0">0</subfield>
    <subfield code="1">0</subfield>
    <subfield code="2">ddc</subfield>
    <subfield code="4">0</subfield>
    <subfield code="7">0</subfield>
    <subfield code="8">Baccah</subfield>
    <subfield code="a">MAIN</subfield>
    <subfield code="b">MAIN</subfield>
    <subfield code="c">1ST</subfield>
    <subfield code="d">2019-02-14</subfield>
    <subfield code="e">Purchase</subfield>
    <subfield code="g">213.00</subfield>
    <subfield code="h">21201</subfield>
    <subfield code="l">0</subfield>
    <subfield code="o">610.73 STA</subfield>
    <subfield code="p">000044254</subfield>
    <subfield code="r">2025-07-15 00:00:00</subfield>
    <subfield code="v">266.00</subfield>
    <subfield code="w">2019-02-14</subfield>
    <subfield code="y">BB</subfield>
  </datafield>
</record>
